<?xml version="1.0" encoding="UTF-8"?>
<record
    xmlns:xsi="http://www.w3.org/2001/XMLSchema-instance"
    xsi:schemaLocation="http://www.loc.gov/MARC21/slim http://www.loc.gov/standards/marcxml/schema/MARC21slim.xsd"
    xmlns="http://www.loc.gov/MARC21/slim">

  <leader>     ngm a22     7a 4500</leader>
  <datafield tag="999" ind1=" " ind2=" ">
    <subfield code="c">136974</subfield>
    <subfield code="d">136972</subfield>
  </datafield>
  <controlfield tag="005">20170927101848.0</controlfield>
  <controlfield tag="008">170927t2001    eng98 |ds|||| s0| mzeng d</controlfield>
  <datafield tag="050" ind1="0" ind2="4">
    <subfield code="a">PN1997 </subfield>
    <subfield code="b">C37 2001</subfield>
  </datafield>
  <datafield tag="245" ind1="0" ind2="0">
    <subfield code="a">Carrie</subfield>
    <subfield code="c">/ una producci&#xF3;n de Paul Monash; una pel&#xED;cula de Brian de Palma; gui&#xF3;n por Lawrence D. Cohen; producido por Paul Monash; dirigida por Brian de Palma.</subfield>
    <subfield code="h">[Videodisco]</subfield>
  </datafield>
  <datafield tag="260" ind1=" " ind2=" ">
    <subfield code="a">Santa Monica, CA: </subfield>
    <subfield code="b">MGM;</subfield>
    <subfield code="c">2001</subfield>
  </datafield>
  <datafield tag="300" ind1=" " ind2=" ">
    <subfield code="a">1 videodisco (98 min.): </subfield>
    <subfield code="b">Son., Col. ;</subfield>
    <subfield code="c">4 3/4 pulg</subfield>
  </datafield>
  <datafield tag="500" ind1=" " ind2=" ">
    <subfield code="a">Basado en la novela de Stephen King.</subfield>
  </datafield>
  <datafield tag="508" ind1=" " ind2=" ">
    <subfield code="a">Donaggio Pine. musica; Mario Tosi, fotograf&#xED;a, ;</subfield>
  </datafield>
  <datafield tag="511" ind1=" " ind2=" ">
    <subfield code="a">Lawrence D Cohen ; Sissy Spacek ; John Travolta ; Piper Laurie ; </subfield>
  </datafield>
  <datafield tag="520" ind1=" " ind2=" ">
    <subfield code="a">Un desajuste de escuela secundaria sin confianza, sin amigos, y sin idea de la extensi&#xF3;n de sus poderes secretos de telequinesis. Cuando su madre psic&#xF3;tica y sus compa&#xF1;eros de clase s&#xE1;dicos finalmente van demasiado lejos, la adolescente, una vez t&#xED;mida, se convierte en una poderosa fuerza de b&#xFA;squeda de venganza que, con la ayuda de su don especial, hace que allhell se rompa en un famoso frenes&#xED; cinematogr&#xE1;fico de sangre, fuego y azufre.</subfield>
  </datafield>
  <datafield tag="521" ind1=" " ind2=" ">
    <subfield code="a">"B"</subfield>
  </datafield>
  <datafield tag="538" ind1=" " ind2=" ">
    <subfield code="a">Widescreen (1.85:1).
1080p High-Definition.</subfield>
  </datafield>
  <datafield tag="546" ind1=" " ind2=" ">
    <subfield code="a">Ingl&#xE9;s de di&#xE1;logo; Subtitulos en espa&#xF1;ol</subfield>
  </datafield>
  <datafield tag="650" ind1=" " ind2="4">
    <subfield code="a">Adolescentes </subfield>
    <subfield code="x"> Drama</subfield>
  </datafield>
  <datafield tag="650" ind1=" " ind2="4">
    <subfield code="a">Psicocinesis </subfield>
    <subfield code="x"> Drama</subfield>
  </datafield>
  <datafield tag="700" ind1="1" ind2=" ">
    <subfield code="a">Paul Monash </subfield>
    <subfield code="e">prod.</subfield>
  </datafield>
  <datafield tag="700" ind1="1" ind2=" ">
    <subfield code="a">Brian de Palma</subfield>
    <subfield code="e">prod.</subfield>
  </datafield>
  <datafield tag="700" ind1="1" ind2=" ">
    <subfield code="a">Lawrence D. Cohen</subfield>
    <subfield code="e">gui&#xF3;n </subfield>
  </datafield>
  <datafield tag="700" ind1="1" ind2=" ">
    <subfield code="a">Donaggio Pine. </subfield>
    <subfield code="e">mus. </subfield>
  </datafield>
  <datafield tag="700" ind1="1" ind2=" ">
    <subfield code="a">Mario Tosi, </subfield>
    <subfield code="e">fot.</subfield>
  </datafield>
  <datafield tag="700" ind1="1" ind2=" ">
    <subfield code="a">Sissy Spacek, </subfield>
    <subfield code="d">actor</subfield>
  </datafield>
  <datafield tag="700" ind1="1" ind2=" ">
    <subfield code="a">John Travolta,</subfield>
    <subfield code="e">actor</subfield>
  </datafield>
  <datafield tag="700" ind1="1" ind2=" ">
    <subfield code="a"> Piper Laurie.</subfield>
    <subfield code="e">actor</subfield>
  </datafield>
  <datafield tag="942" ind1=" " ind2=" ">
    <subfield code="2">lcc</subfield>
    <subfield code="c">PEL</subfield>
  </datafield>
  <datafield tag="952" ind1=" " ind2=" ">
    <subfield code="0">0</subfield>
    <subfield code="1">0</subfield>
    <subfield code="2">lcc</subfield>
    <subfield code="4">0</subfield>
    <subfield code="7">0</subfield>
    <subfield code="a">LIC-047</subfield>
    <subfield code="b">LIC-047</subfield>
    <subfield code="c">MA</subfield>
    <subfield code="d">2017-09-27</subfield>
    <subfield code="e">DON</subfield>
    <subfield code="h">VBFP000247</subfield>
    <subfield code="o">PN1997 C37 2001</subfield>
    <subfield code="p">VBFP000247</subfield>
    <subfield code="r">2017-09-27 00:00:00</subfield>
    <subfield code="t">1</subfield>
    <subfield code="w">2017-09-27</subfield>
    <subfield code="y">PEL</subfield>
  </datafield>
</record>
